[Event "Titled Tuesday intern op 26th Jan"]
[Site "Chess.com INT"]
[Date "2021.01.26"]
[Round "1"]
[White "Guseynov, Alihan"]
[Black "Perestjuk, Marko"]
[Result "1-0"]
[WhiteElo "2312"]
[BlackElo "2160"]
[PlyCount "27"]
[EventDate "2021.01.26"]
[EventType "swiss (blitz)"]
[EventRounds "11"]
[EventCountry "USA"]
[SourceTitle "CBM 200 Extra"]
[Source "ChessBase"]
[SourceDate "2021.03.31"]
[SourceVersion "1"]
[SourceVersionDate "2021.03.31"]
[SourceQuality "1"]

1. c4 e5 2. Nc3 Nf6 3. Nf3 Nc6 4. e4 Bc5 5. Nxe5 Bxf2+ 6. Kxf2 Nxe5 7. d4 Neg4+ 8. Kg1 d6 9. h3 Nh6 10. Bxh6 gxh6 11. Qf3 Bd7 12. Bd3 Qe7 13. Rf1 Ng8 14. Nd5 1-0

[Event "Titled Tuesday intern op 26th Jan"]
[Site "Chess.com INT"]
[Date "2021.01.26"]
[Round "4"]
[White "Kryakvin, Dmitry"]
[Black "Guseynov, Alihan"]
[Result "1-0"]
[WhiteElo "2577"]
[BlackElo "2312"]
[PlyCount "55"]
[EventDate "2021.01.26"]
[EventType "swiss (blitz)"]
[EventRounds "11"]
[EventCountry "USA"]
[SourceTitle "CBM 200 Extra"]
[Source "ChessBase"]
[SourceDate "2021.03.31"]
[SourceVersion "1"]
[SourceVersionDate "2021.03.31"]
[SourceQuality "1"]

1. d4 Nf6 2. c4 e6 3. Nf3 Bb4+ 4. Bd2 Qe7 5. g3 0-0 6. Bg2 Nc6 7. 0-0 Bxd2 8. Qxd2 d6 9. Nc3 e5 10. d5 Nb8 11. e4 a5 12. Ne1 Na6 13. Nd3 Nd7 14. f4 Ndc5 15. f5 Nxd3 16. Qxd3 Nc5 17. Qe3 Bd7 18. f6 gxf6 19. Rf2 Kh8 20. Raf1 f5 21. exf5 f6 22. Ne4 b6 23. g4 Rg8 24. h3 Nxe4 25. Bxe4 h5 26. Qh6+ Qh7 27. Qxf6+ Rg7 28. g5 1-0

[Event "Titled Tuesday intern op 15st Dec"]
[Site "Chess.com INT"]
[Date "2020.12.15"]
[Round "5"]
[White "Belova, Olga"]
[Black "Guseynov, Alihan"]
[Result "0-1"]
[WhiteElo "2058"]
[BlackElo "2312"]
[PlyCount "52"]
[EventDate "2020.12.15"]
[EventType "swiss (blitz)"]
[EventRounds "11"]
[EventCountry "USA"]
[SourceTitle "CBM 199 Extra"]
[Source "ChessBase"]
[SourceDate "2021.01.31"]
[SourceVersion "1"]
[SourceVersionDate "2021.01.31"]
[SourceQuality "1"]

1. e4 c5 2. Nf3 Nc6 3. Bb5 e6 4. Bxc6 bxc6 5. 0-0 Ne7 6. d3 Ng6 7. Ne1 e5 8. f4 exf4 9. Bxf4 Nxf4 10. Rxf4 Be7 11. Nc3 Rb8 12. Rb1 0-0 13. Rf1 d5 14. Nf3 Be6 15. Qd2 c4 16. dxc4 dxe4 17. Nxe4 Bxc4 18. Rfd1 Bxa2 19. Qc3 Qb6+ 20. Kh1 Bxb1 21. Rxb1 Rfe8 22. Qc4 Qb5 23. Qd4 Qd5 24. Qe3 Bf8 25. Nfg5 h6 26. c4 Qxg5 0-1